000
00297nam a22001217a 4500
008
180131b xxu||||| |||| 00| 0 eng d
041
_a
eng
080
_a
611.085
100
_a
9
101
_a
HIS
245
_a
Histological typing of breast tumours
_c
World health organization
942
_2
udc
_c
BK
999
_c
41396
_d
41396